Physics for scientists and engineers

Spremljeno u:
Bibliografski detalji
Glavni autor: Serway, Raymond A.
Format: Knjiga
Jezik:Undetermined
Izdano: Victoria, Australia Thomsom Learning 2004
Teme:
Oznake: Dodaj oznaku
Bez oznaka, Budi prvi tko označuje ovaj zapis!
Thư viện lưu trữ: Trung tâm Học liệu Trường Đại học Cần Thơ
LEADER 00504nam a2200181Ia 4500
001 CTU_96247
008 210402s9999 xx 000 0 und d
082 |a 530 
082 |b S481/Vol.1 
100 |a Serway, Raymond A. 
245 0 |a Physics for scientists and engineers 
245 0 |c Raymond A. Serway, John W. Jewett 
260 |a Victoria, Australia 
260 |b Thomsom Learning 
260 |c 2004 
650 |a Physics 
904 |i Minh 
980 |a Trung tâm Học liệu Trường Đại học Cần Thơ